000 00826nab a2200241 u 4500
001 16704
003 HDC
007 cr bn ---aaaaa
008 210221c20120720my dr|noo 0 a eng d
040 _aHDC
245 0 _aMalaysia: JAKIM awards Halal certificates to hotels and restaurants for Ramadan
260 _a[No place] :
_b[publisher not identified],
_c2012
336 _atext
_2rdacontent
337 _acomputer
_2rdamedia
338 _aonline resource
_2rdacarrier
650 _aHalal certificates
_911254
650 _ahotels and restaurants
_916416
710 _aHalal Focus
856 _zRequest full-text at [email protected]
942 _2lcc
942 _cNEWS
942 _kNWSO 005744
999 _c14020
_d14020